Gestió patrimonial : manual de normes i procediments / coordinació: Àrea d'Hisenda i Recursos Interns, Intervenció General, Servei d'Assistència a la Gestió Econòmica Local manual de normes i procediments / coordinació:
Publicado:
Barcelona :
Diputació de Barcelona. Àrea d'Hisenda i Recursos Interns. Intervenció General. Servei d'Assistència a la Gestió Econòmica Local ,
2010
Descripción Física:
295 p. ; 29 cm
MARC
| LEADER | 00000nam a2200000Ia 4500 | ||
|---|---|---|---|
| 001 | 22908 | ||
| 008 | 160829s2010 xx 000 0 cat d | ||
| 080 | |a M-6-370 | ||
| 245 | |a Gestió patrimonial : |b manual de normes i procediments / coordinació: |b Àrea d'Hisenda i Recursos Interns, Intervenció General, Servei d'Assistència a la Gestió Econòmica Local | ||
| 260 | |a Barcelona : |b Diputació de Barcelona. Àrea d'Hisenda i Recursos Interns. Intervenció General. Servei d'Assistència a la Gestió Econòmica Local, |c 2010 | ||
| 300 | |a 295 p. ; |c 29 cm | ||
| 650 | |a Patrimonial |x Gestió |x Barcelona (Província) |9 36273 | ||
| 710 | 1 | |a Barcelona (Catalunya : Província). |b Servei d’Assistència a la Gestió Econòmica Local |9 53081 | |
| 901 | |a Arxiu | ||
| 942 | |n 1 | ||
| 952 | |0 0 |1 0 |4 0 |6 M6370 |7 1 |9 52027 |a Arxiu |b Arxiu |d 2016-12-01 |l 0 |o M-6-370 |p 22908 |r 2016-12-01 00:00:00 |w 2016-12-01 |y ARXIU | ||
| 999 | |c 55875 |d 55875 | ||